[Event "Provence-ch access Meyreuil 9596"]
[Site "France"]
[Date "1995.??.??"]
[Round "2"]
[White "Chaoul, Raymond"]
[Black "Metras, Dominique"]
[Result "0-1"]
[WhiteElo "1670"]
[BlackElo "1870"]
[PlyCount "82"]
[EventDate "1995.??.??"]
[EventType "tourn"]
[EventRounds "9"]
[EventCountry "FRA"]
[SourceTitle "EXT 2005"]
[Source "ChessBase"]
[SourceDate "2004.11.15"]
[SourceVersion "1"]
[SourceVersionDate "2004.11.15"]
[SourceQuality "1"]

1. f4 Nf6 2. Nf3 g6 3. e3 Bg7 4. Be2 0-0 5. 0-0 d6 6. Nc3 c5 7. b3 Nc6 8. Bb2 e5 9. fxe5 dxe5 10. Na4 Nd7 11. Rb1 a6 12. e4 b5 13. Nc3 Nb6 14. a3 Be6 15. d3 Qe7 16. Qc1 h6 17. Nd1 Rab8 18. Ne3 Rfc8 19. Qd2 Rd8 20. Qe1 Nd4 21. Nxd4 exd4 22. Nd1 Nd7 23. Bc1 Ne5 24. Qg3 Rb6 25. Bxh6 Bxh6 26. Qxe5 Bg7 27. Qg3 Bc8 28. Bg4 Be5 29. Qh3 Bb7 30. Qh6 Bf6 31. Rf3 Bg5 32. Qh3 f5 33. Bxf5 gxf5 34. Qxf5 Bc8 35. Qxg5+ Qxg5 36. Rg3 Qxg3 37. hxg3 Rg6 38. g4 Bxg4 39. Nf2 Bf3 40. g4 Bxg4 41. Nxg4 Rxg4+ 0-1

[Event "Provence-ch prom Meyreuil 9394"]
[Site "France"]
[Date "1993.??.??"]
[Round "7"]
[White "Gozzo, Jean Claude"]
[Black "Chaoul, Raymond"]
[Result "0-1"]
[WhiteElo "1650"]
[BlackElo "1620"]
[PlyCount "112"]
[EventDate "1993.??.??"]
[EventType "tourn"]
[EventRounds "9"]
[EventCountry "FRA"]
[SourceTitle "EXT 2005"]
[Source "ChessBase"]
[SourceDate "2004.11.15"]
[SourceVersion "1"]
[SourceVersionDate "2004.11.15"]
[SourceQuality "1"]

1. d4 Nf6 2. c4 d6 3. Nc3 g6 4. e4 Bg7 5. f3 0-0 6. Be3 Nbd7 7. Qd2 c5 8. Nge2 a6 9. d5 Qa5 10. Bg5 b5 11. Nc1 b4 12. Nb3 bxc3 13. Nxa5 cxd2+ 14. Kxd2 Re8 15. Nc6 a5 16. Bd3 Bb7 17. Bc2 Bxc6 18. dxc6 Ne5 19. Ba4 Nxc4+ 20. Kc2 Nxb2 21. e5 Nxa4 22. exf6 exf6 23. Bf4 f5 24. Rad1 Be5 25. Bxe5 dxe5 26. Rd7 Red8 27. Rhd1 Rxd7 28. Rxd7 Rc8 29. c7 Kg7 30. Kb3 Nb6 31. Rd6 c4+ 32. Kc2 Na8 33. Rd8 Rxc7 34. Rxa8 e4 35. fxe4 fxe4 36. Rxa5 Kf6 37. Rd5 e3 38. Rd1 Ke5 39. Kc3 f5 40. Re1 Ke4 41. Re2 f4 42. a4 Ra7 43. Ra2 f3 44. gxf3+ Kxf3 45. Kxc4 e2 46. Ra3+ Kf2 47. Ra2 Rxa4+ 48. Rxa4 e1Q 49. Ra2+ Kg1 50. Kb3 Qe6+ 51. Kb2 Qxa2+ 52. Kxa2 Kxh2 53. Kb2 g5 54. Kc2 g4 55. Kd2 g3 56. Ke1 g2 0-1